Estadísticas para MUNICIPIS DE LA PROVÍNCIA DE BARCELONA

Haz click aquí para intentar la prueba.

Estadísticas generales

  • Esta prueba ha sido intentada 343 veces
    (282 desde el último reinicio)
  • La puntuación promedio es 62 de 311

Estadísticas de respuestas

INICIALMUNICIPI% Correcto
B (B)Barcelona
95%
VOC (S)Sabadell
91%
B (B)Badalona
90%
VOC (T)Terrassa
85%
M (M)Mataró
80%
BA (M)Manresa
76%
O (V)Vic
73%
B (H)l'Hospitalet de Llobregat
72%
VOR (G)Granollers
71%
G (S)Sitges
70%
VOC (S)Sant Cugat del Vallès
68%
BL (C)Castelldefels
67%
G (V)Vilanova i la Geltrú
65%
BL (C)Cornellà de Llobregat
63%
BL (G)Gavà
63%
BL (P)el Prat de Llobregat
61%
VOC (R)Rubí
59%
BE (B)Berga
58%
BL (M)Martorell
57%
M (A)Arenys de Mar
56%
A (I)Igualada
56%
AP (V)Vilafranca del Penedès
55%
M (V)Vilassar de Mar
55%
VOC (C)Cerdanyola del Vallès
54%
VOC (M)Montcada i Reixac
53%
BL (S)Sant Boi de Llobregat
53%
BL (V)Viladecans
53%
M (M)Montgat
51%
M (P)Premià de Mar
51%
B (S)Santa Coloma de Gramenet
50%
M (C)Calella
49%
BL (S)Sant Joan Despí
49%
VOR (M)Mollet del Vallès
48%
M (M)el Masnou
47%
BL (S)Sant Feliu de Llobregat
47%
M (A)Arenys de Munt
45%
BL (M)Molins de Rei
45%
BL (E)Esplugues de Llobregat
43%
BL (O)Olesa de Montserrat
43%
VOR (S)Sant Celoni
43%
VOC (B)Barberà del Vallès
42%
MO (M)Moià
42%
M (V)Vilassar de Dalt
42%
BL (S)Sant Just Desvern
41%
M (S)Sant Pol de Mar
41%
VOR (C)Caldes de Montbui
40%
B (S)Sant Adrià de Besós
40%
BL (S)Sant Andreu de la Barca
39%
VOC (B)Badia del Vallès
38%
M (P)Pineda de Mar
38%
M (P)Premià de Dalt
38%
M (A)Argentona
37%
M (C)Canet de Mar
37%
VOR (C)Cardedeu
37%
VOC (C)Castellbisbal
37%
M (M)Malgrat de Mar
37%
VOR (P)Parets del Vallès
37%
M (A)Alella
36%
VOR (R)la Roca del Vallès
36%
VOC (S)Sant Quirze del Vallès
36%
AP (S)Sant Sadurní d'Anoia
36%
BL (A)Abrera
35%
M (C)Cabrera de Mar
35%
VOR (M)Montmeló
35%
O (T)Tona
34%
A (C)Calaf
33%
VOR (G)la Garriga
33%
VOC (P)Palau-solità i Plegamans
33%
VOC (S)Santa Perpètua de Mogoda
33%
BL (S)Sant Vicenç dels Horts
33%
M (T)Tiana
33%
O (M)Manlleu
32%
VOC (R)Ripollet
32%
VOC (M)Matadepera
31%
BL (P)Pallejà
31%
M (S)Santa Susanna
31%
G (S)Sant Pere de Ribes
30%
M (C)Caldes d'Estrac
29%
VOR (L)Llinars del Vallès
29%
VOC (V)Viladecavalls
29%
VOR (M)Montornès del Vallès
28%
O (T)Torelló
28%
VOR (A)Aiguafreda
27%
VOR (C)Canovelles
27%
BA (C)Cardona
27%
VOC (C)Castellar del Vallès
27%
O (C)Centelles
27%
G (C)Cubelles
27%
VOR (L)la Llagosta
27%
BA (M)Monistrol de Montserrat
27%
VOR (S)Santa Maria de Palautordera
27%
BL (V)Vallirana
27%
BL (B)Begues
26%
VOR (L)Lliçà d'Amunt
25%
VOR (L)Lliçà de Vall
25%
M (T)Teià
25%
M (T)Tordera
25%
M (D)Dosrius
23%
AP (G)Gelida
23%
O (G)Gurb
23%
VOR (M)Martorelles
23%
BE (B)Bagà
22%
BL (C)Collbató
22%
BL (C)Corbera de Llobregat
22%
BL (P)el Papiol
22%
BL (E)Esparreguera
22%
VOR (F)les Franqueses del Vallès
22%
BL (S)Sant Esteve Sesrovires
22%
M (S)Sant Vicenç de Montalt
22%
A (P)Piera
21%
VOR (S)Sant Feliu de Codines
21%
VOC (V)Vacarisses
21%
M (C)Cabrils
20%
BE (G)Gironella
20%
VOR (V)Vilanova del Vallès
20%
G (C)Canyelles
19%
A (C)Capellades
19%
BL (C)Cervelló
19%
VOR (M)Montseny
19%
VOC (P)Polinyà
19%
VOR (S)Sant Esteve de Palautordera
19%
BA (S)Santpedor
19%
O (S)Seva
19%
BA (S)Súria
19%
M (O)Òrrius
18%
BA (S)Sant Fruitós de Bages
18%
BA (B)Balsareny
17%
A (B)el Bruc
17%
VOR (G)Gualba
17%
O (P)Prats de Lluçanès
17%
BL (S)Santa Coloma de Cervelló
17%
BL (S)Sant Climent de Llobregat
17%
O (T)Taradell
17%
O (B)Balenyà
16%
O (E)l'Esquirol
16%
BA (S)Sallent
16%
VOR (S)Santa Eulàlia de Ronçana
16%
VOR (S)Sant Antoni de Vilamajor
16%
BA (A)Avinyó
15%
BE (C)Castellar de n'hug
15%
MO (C)Castellterçol
15%
VOR (F)Figaró - Montmany
15%
VOR (A)l'Ametlla del Vallés
15%
A (M)Masquefa
15%
BE (P)Puig - Reig
15%
M (S)Sant Andreu de Llaveneres
15%
O (S)Sant Martí de Centelles
15%
O (S)Sant Pere de Torelló
15%
O (S)Sant Quirze de Besora
15%
BE (C)Cercs
14%
M (P)Palafolls
14%
AP (S)Santa Margarida i els Monjos
14%
VOR (S)Sant Fost de Campsentelles
14%
BA (S)Sant Vicenç de Castellet
14%
BA (A)Artés
13%
BE (A)Avià
13%
BA (C)Castellbell i el Vilar
13%
MO (C)Collsuspina
13%
A (J)Jorba
13%
AP (G)la Granada
13%
BA (N)Navarcles
13%
BA (N)Navàs
13%
O (O)Olost
13%
O (R)Rupit i Pruit
13%
VOC (S)Sentmenat
13%
G (O)Olivella
12%
VOR (S)Sant Pere de Vilamajor
12%
BE (G)Guardiola de Berguedà
11%
BL (P)la Palma de Cervelló
11%
BE (P)la Pobla de Lillet
11%
O (M)les Masies de Voltregà
11%
O (M)Malla
11%
O (O)Orís
11%
BA (R)Rajadell
11%
O (S)Sant Hipòlit de Voltregà
11%
MO (S)Sant Quirze Safaja
11%
O (S)Sant Vicenç de Torelló
11%
BA (T)Talamanca
11%
BL (T)Torrelles de Llobregat
11%
BE (V)Vallcebre
11%
VOR (V)Vallromanes
11%
A (V)Vilanova del Camí
11%
BE (G)Gisclareny
10%
A (L)la Llacuna
10%
O (R)Roda de Ter
10%
BA (S)Sant Joan de Vilatorrada
10%
BA (A)Aguilar de Segarra
9%
AP (A)Avinyonet del Penedès
9%
VOR (C)Cànoves i Samalús
9%
VOC (G)Gallifa
9%
MO (E)l'Estany
9%
O (M)Muntanyola
9%
AP (O)Olèrdola
9%
O (S)Santa Eulàlia de Riuprimer
9%
O (S)Sant Boi de Lluçanès
9%
M (S)Sant Iscle de Vallalta
9%
VOC (U)Ullastrell
9%
VOR (V)Vallgorguina
9%
BA (C)Castellgalí
8%
BA (M)Mura
8%
A (O)Òdena
8%
A (S)Santa Margarida de Montbui
8%
O (T)Tavertet
8%
VOR (B)Bigues i Riells del Fai
7%
O (C)Calldetenes
7%
BE (C)Casserres
7%
A (H)els Hostalets de Pierola
7%
O (F)Folgueroles
7%
AP (F)Font - Rubí
7%
BE (E)l'Espunyola
7%
O (L)Lluçà
7%
BE (O)Olvan
7%
O (O)Oristà
7%
O (S)Santa Eugènia de Berga
7%
VOR (T)Tagamanent
7%
BE (V)Vilada
7%
BE (B)Borredà
6%
A (C)Castellolí
6%
O (B)el Brull
6%
A (P)la Pobla de Claramunt
6%
A (O)Orpí
6%
MO (S)Santa Maria d'Oló
6%
M (S)Sant Cebrià de Vallalta
6%
A (A)Argençola
5%
A (C)Cabrera d'Anoia
5%
MO (C)Calders
5%
BA (C)Callús
5%
A (C)Calonge de Segarra
5%
MO (C)Castellcir
5%
BE (Q)la Quar
5%
O (M)les Masies de Roda
5%
BA (M)Marganell
5%
MO (M)Monistrol de Calders
5%
O (M)Montesquiu
5%
O (P)Perafita
5%
VOC (R)Rellinars
5%
O (S)Santa Maria de Besora
5%
O (S)Sant Bartomeu del Grau
5%
BE (S)Sant Jaume de Frontanyà
5%
O (S)Sant Julià de Vilatorta
5%
AP (S)Sant Llorenç d'Hortons
5%
AP (S)Subirats
5%
O (V)Vilanova de Sau
5%
A (C)Carme
4%
BA (C)Castellfollit del Boix
4%
BA (P)el Pont de Vilomara i Rocafort
4%
BA (F)Fonollosa
4%
AP (C)les Cabanyes
4%
AP (P)Pontons
4%
BE (S)Saldes
4%
BE (S)Santa Maria de Merlès
4%
A (S)Sant Pere Sallavinera
4%
AP (S)Sant Quintí de Mediona
4%
O (S)Sant Sadurní d'Osormort
4%
O (A)Alpens
3%
BE (C)Castellar del Riu
3%
BE (C)Castell de l'Areny
3%
BE (F)Fígols
3%
VOR (F)Fogars de Montclús
3%
BA (G)Gaià
3%
MO (G)Granera
3%
BE (N)la Nou de Berguedà
3%
A (T)la Torre de Claramunt
3%
BE (M)Montclar
3%
BE (M)Montmajor
3%
AP (P)Pacs del Penedès
3%
A (P)Pujalt
3%
BE (S)Sagàs
3%
VOR (S)Santa Maria de Martorelles
3%
A (S)Santa Maria de Miralles
3%
BA (S)Sant Feliu Sasserra
3%
VOC (S)Sant Llorenç Savall
3%
AP (S)Sant Martí Sarroca
3%
BA (S)Sant Mateu de Bages
3%
AP (S)Sant Pere de Riudebitlles
3%
BA (S)Sant Salvador de Guardiola
3%
O (T)Tàvernoles
3%
AP (T)Torrelles de Foix
3%
AP (V)Vilobí del Penedès
3%
AP (C)Castellet i la Gornal
2%
A (C)Castellfollit de Riubregós
2%
BA (C)Castellnou de Bages
2%
A (P)els Prats de Rei
2%
S (F)Fogars de la Selva
2%
O (S)Sant Agustí de Lluçanès
2%
BE (S)Sant Julià de Cerdanyola
2%
O (S)Sant Martí d'Albars
2%
O (S)Sora
2%
A (V)Vallbona d'Anoia
2%
BE (V)Viver i Serrateix
2%
VOR (C)Campins
1%
BE (C)Capolat
1%
AP (C)Castellví de la Marca
1%
BL (C)Castellví i Rosanes
1%
AP (P)el Pla del Penedès
1%
AP (M)Mediona
1%
A (M)Montmaneu
1%
AP (O)Olesa de Bonesvalls
1%
AP (P)Puigdàlber
1%
A (R)Rubió
1%
O (S)Santa Cecília de Voltregà
1%
AP (S)Santa Fe del Penedès
1%
AP (S)Sant Cugat Sesgarrigues
1%
A (S)Sant Martí de Tous
1%
A (S)Sant Martí Sesgueioles
1%
O (S)Sobremunt
1%
AP (T)Torrelavit
1%
A (V)Veciana
1%
VOR (V)Vilalba Sasserra
1%
A (B)Bellprat
0%
A (C)Copons
0%

Distribución de puntuación

Porcentaje por número respondido

Porcentaje de gente con cada puntuación

Historial de tus puntuaciones

No has intentado esta prueba desde el último reinicio